Inside Drucker's brain.
| Main Author: | |
|---|---|
| Format: | Book |
| Published: |
New York:
Penguin Group,
2008.
|
| Subjects: |
| LEADER | 00443cam a2200157 7i4500 | ||
|---|---|---|---|
| 001 | 0000023538 | ||
| 005 | 20090904090000.0 | ||
| 020 | 0 | 0 | |a 978-1-59184-222-4 |
| 090 | 0 | 0 | |a B 658.0092 |b KRA |
| 100 | 1 | 0 | |a Krames |
| 245 | 1 | 0 | |a Inside Drucker's brain. |
| 260 | 0 | 0 | |a New York: |b Penguin Group, |c 2008. |
| 300 | # | # | |a 278 p. |
| 650 | 0 | 0 | |a Industrial management |
| 650 | 0 | 0 | |a Drucker,Peter F. (Peter Ferdinand) |
| 999 | |a 0000025273 |b Book |c Book |e Business Information Centre | ||


